Small business management : entrepreneurship and beyond /
Hatten provides a balanced introduction to both entrepreneurship and small business management before turning his focus toward achieving and maintaining a sustainable competitive advantage as a small organization. Current issues including global opportunities, service, quality and technology are hig...
Salvato in:
| Autore principale: | |
|---|---|
| Natura: | Libro |
| Lingua: | inglese |
| Pubblicazione: |
Boston :
Houghton Mifflin Co.,
c2006.
|
| Edizione: | 3rd ed. |
| Soggetti: | |
| Tags: |
Aggiungi Tag
Nessun Tag, puoi essere il primo ad aggiungerne!!
|
MARC
| LEADER | 00000cam a22000004a 4500 | ||
|---|---|---|---|
| 001 | 13736000 | ||
| 003 | MU | ||
| 005 | 20220824044218.0 | ||
| 008 | 040930s2006 maua b 001 0 eng | ||
| 010 | |a 2004114380 | ||
| 020 | |a 0618507256 (hbk.) |c Tzsh 12,000/= | ||
| 040 | |a MUL |c MUL |b eng |e AACR | ||
| 042 | |a pcc | ||
| 050 | 0 | 0 | |a HD62.7 |b .H38 2006 |
| 082 | |2 22 |a 658.022 HAT |b 1 | ||
| 100 | 1 | |a Hatten, Timothy S. | |
| 245 | 1 | 0 | |a Small business management : |b entrepreneurship and beyond / |c Timothy S. Hatten. |
| 250 | |a 3rd ed. | ||
| 260 | |a Boston : |b Houghton Mifflin Co., |c c2006. | ||
| 300 | |a xxi, 611 p. : |b col. ill. ; |c 27 cm. | ||
| 504 | |a Includes bibliographical references (p. 585-592) and index. | ||
| 520 | |a Hatten provides a balanced introduction to both entrepreneurship and small business management before turning his focus toward achieving and maintaining a sustainable competitive advantage as a small organization. Current issues including global opportunities, service, quality and technology are highlighted throughout the text, and the Third Edition features an increased emphasis on small business ownership by women and minority groups | ||
| 650 | 0 | |a Small business |x Management. |2 Small business Management | |
| 906 | |a 7 |b cbc |c origcop |d 3 |e epcn |f 20 |g y-gencatlg | ||
| 942 | |2 ddc |c BK |n 0 | ||
| 999 | |c 293 |d 293 | ||